Konvergencia európskych ekonomík diplomová práca

Saved in:
Bibliographic Details
Main Author: Kravec, Matej
Corporate Author: Fakulta hospodárskej informatiky EU. Katedra operačného výskumu a ekonometrie
Other Authors: Szomolányi, Karol, 1976-
Format: Book
Language:Slovak
Published: Bratislava 2016
Tags: Add Tag
No Tags, Be the first to tag this record!

MARC

LEADER 00000nbm a2200000 4500
001 0216832
005 20170215094904.2
041 0 |a slo 
044 |a SK 
245 1 0 |a Konvergencia európskych ekonomík  |b diplomová práca  |c Matej Kravec ; školiteľ: Karol Szomolányi 
264 1 |a Bratislava  |c 2016 
300 |a 85 s. 
100 1 |a Kravec, Matej 
700 1 |a Szomolányi, Karol, 1976- 
710 2 |a Fakulta hospodárskej informatiky EU. Katedra operačného výskumu a ekonometrie